Music Quiz

Random Music Quiz

Tracy Byrd - Watermelon Crawl Lyrics Quiz Stats

 Plays Quiz not verified by Sporcle

Challenge
Share
Tweet
Embed
Score 0/292 Timer 11:00
0 Plays Today
Answer % Correct
a
95.1%
the
95.1%
a
95.1%
Watermelon
95.1%
a
95.1%
a
95.1%
a
95.1%
a
95.1%
a
95.1%
a
95.1%
a
95.1%
the
95.1%
the
95.1%
the
95.1%
the
95.1%
watermelon
95.1%
the
95.1%
the
95.1%
watermelon
95.1%
the
95.1%
and
95.1%
the
95.1%
and
95.1%
the
95.1%
watermelon
95.1%
a
95.1%
the
95.1%
the
95.1%
95.1%
the
95.1%
the
95.1%
watermelon
95.1%
a
95.1%
a
95.1%
the
95.1%
watermelon
95.1%
a
95.1%
the
95.1%
the
95.1%
the
95.1%
the
95.1%
watermelon
95.1%
do
92.7%
crawl
92.7%
do
92.7%
crawl
92.7%
do
92.7%
crawl
92.7%
do
92.7%
crawl
92.7%
do
92.7%
crawl
92.7%
you
87.8%
you
87.8%
you
87.8%
you
87.8%
you
87.8%
you
87.8%
you
87.8%
you
87.8%
On
85.4%
on
85.4%
we
85.4%
on
85.4%
If
85.4%
on
85.4%
on
85.4%
on
85.4%
we
85.4%
on
85.4%
If
85.4%
if
85.4%
If
85.4%
we
85.4%
on
85.4%
in
82.9%
to
82.9%
in
82.9%
in
82.9%
to
82.9%
to
82.9%
to
82.9%
to
82.9%
in
82.9%
in
82.9%
to
82.9%
to
82.9%
was
80.5%
so
80.5%
was
80.5%
He
80.5%
some
80.5%
don't
80.5%
drive
80.5%
some
80.5%
don't
80.5%
drive
80.5%
some
80.5%
Answer % Correct
don't
80.5%
I
78%
day
78%
I
78%
I
78%
I
78%
down
78%
I
78%
I
78%
from
78%
from
78%
drink
78%
go
78%
down
78%
down
78%
this
78%
from
78%
drink
78%
down
78%
I
78%
from
78%
drink
78%
Georgia
75.6%
July
75.6%
hot
75.6%
saw
75.6%
red
75.6%
said
75.6%
red
75.6%
but
75.6%
said
75.6%
me
75.6%
me
75.6%
said
75.6%
saw
75.6%
Said
75.6%
how
75.6%
said
75.6%
red
75.6%
but
75.6%
Georgia
75.6%
July
75.6%
how
75.6%
red
75.6%
but
75.6%
late
73.2%
enough
73.2%
make
73.2%
sign
73.2%
Festival
73.2%
There
73.2%
when
73.2%
got
73.2%
there
73.2%
got
73.2%
Made
73.2%
When
73.2%
that
73.2%
is
73.2%
Made
73.2%
that
73.2%
got
73.2%
Made
73.2%
written
70.7%
Ahead
70.7%
road
70.7%
town
70.7%
biggest
70.7%
vine
70.7%
obey
70.7%
law
70.7%
by
70.7%
see
70.7%
all
70.7%
ever
70.7%
biggest
70.7%
obey
70.7%
law
70.7%
ever
70.7%
by
70.7%
biggest
70.7%
vine
70.7%
obey
70.7%
driving
68.3%
Devil
68.3%
sigh
68.3%
County
68.3%
hurry
68.3%
one
68.3%
of
68.3%
wine
68.3%
watermelons
68.3%
yourself
68.3%
of
68.3%
wine
68.3%
watermelons
68.3%
yourself
68.3%
you're
68.3%
Answer % Correct
hurry
68.3%
you're
68.3%
of
68.3%
wine
68.3%
watermelons
68.3%
yourself
68.3%
homemade
65.9%
Well,
65.9%
slowed
65.9%
two
65.9%
horse
65.9%
sweet
65.9%
Help
65.9%
ain't
65.9%
She
65.9%
She
65.9%
She
65.9%
her
65.9%
her
65.9%
she
65.9%
her
65.9%
She
65.9%
she
65.9%
She
65.9%
sweet
65.9%
Help
65.9%
Well
65.9%
ain't
65.9%
Well
65.9%
sweet
65.9%
Help
65.9%
wasn't
63.4%
lane
63.4%
heard
63.4%
welcome
63.4%
hundred
63.4%
gallons
63.4%
seen
63.4%
then
63.4%
hundred
63.4%
gallons
63.4%
about
63.4%
then
63.4%
stop
63.4%
hundred
63.4%
gallons
63.4%
party
61%
going
61%
speech
61%
show
61%
something
61%
back
61%
back
61%
beat
61%
Took
58.5%
small
58.5%
Let
58.5%
never
58.5%
around
58.5%
knees
58.5%
feet
58.5%
wiggled
58.5%
Learning
58.5%
mayor
56.1%
can
56.1%
gonna
53.7%
have
53.7%
band
51.2%
arm
51.2%
come
51.2%
let's
51.2%
heels
51.2%
jumped
51.2%
round
51.2%
oughta
51.2%
ball
51.2%
queen
48.8%
grabbed
48.8%
giggled
48.8%
started
46.3%
playing
46.3%
spun
46.3%
dropped
46.3%
floor
46.3%
dipped
43.9%
rocked
43.9%
Crawled
43.9%
across
43.9%
guarantee
43.9%
thru
39%
doe
39%
Rind
36.6%
doed
26.8%
If you drink don't drive do the watermelon crawl
0%
you drink don't drive do the watermelon crawl
0%
drive do the watermelon crawl
0%

You're not logged in!

Compare scores with friends on all Sporcle quizzes.
Join for Free
OR
Log In

You Might Also Like...

Show Comments

Extras

Created Mar 29, 2014ReportNominate
Tags:crawl, tracy

Top Quizzes Today


Score Distribution

Your Account Isn't Verified!

In order to create a playlist on Sporcle, you need to verify the email address you used during registration. Go to your Sporcle Settings to finish the process.

Report this User

Report this user for behavior that violates our Community Guidelines.

Details: